Vista normal
Vista MARC
- Walker,Carolyn
Entrada Personal Name
Número de registros utilizados en: 3
001 - CONTROL NUMBER
- control field: 3010
003 - CONTROL NUMBER IDENTIFIER
- control field: OSt
005 - DATE AND TIME OF LATEST TRANSACTION
- control field: 20160208190728.0
008 - FIXED-LENGTH DATA ELEMENTS
- fixed length control field: 160208|| aca||aabn | a|a d
040 ## - CATALOGING SOURCE
- Original cataloging agency: OSt
- Transcribing agency: OSt
100 ## - HEADING--PERSONAL NAME
- Personal name: Walker,Carolyn
670 ## - SOURCE DATA FOUND
- Source citation: Work cat.: (OSt)2492: Walker,Carolyn, English for busines studies in higer education studies, 2008